La dictadura militar en la pampa : del terrorismo de estado al juicio y castigo /
Guardado en:
| Formato: | Libro |
|---|---|
| Publicado: |
Santa Rosa? :
Secretaría de Derechos Humanos,
2012
|
| Materias: | |
| Etiquetas: |
Agregar Etiqueta
Sin Etiquetas, Sea el primero en etiquetar este registro!
|
| LEADER | 00753nam a22002055a 4500 | ||
|---|---|---|---|
| 001 | CEM.cems013928 | ||
| 005 | 20130522121838.0 | ||
| 008 | 130507s2012##################000#0#####d | ||
| 003 | CEMS | ||
| 082 | 0 | 4 | |a F323.4 |
| 245 | 0 | 0 | |a La dictadura militar en la pampa : |b del terrorismo de estado al juicio y castigo / |c Secretaría de Derechos Humanos |
| 260 | |a Santa Rosa? : |b Secretaría de Derechos Humanos, |c 2012 | ||
| 300 | |a 29 p. | ||
| 505 | 0 | |a Incluye homenaje a Juan Carlos Prádanos y Daniel Riganti, víctimas del terrorismo de estado.- | |
| 653 | |a Terrorismo de estado | ||
| 653 | |a Proceso de reorganización nacional | ||
| 653 | |a Desaparecidos | ||
| 653 | |a La pampa | ||
| 653 | |a Argentina | ||
| 859 | |a CEMS |b BIB. CEMS - 11 de abril |h F323.4 |i 5 |p 2785.44 |t Ej.1 | ||
